000 00399nam a22001217a 4500
082 _a200 THE
100 _aHassaan Haider
_970531
245 _aTH-SOF-1030-RECOVERY OF COMPRESSIVELY SAMPLED BIOMEDICAL IMAGES USING ITERATIVE THRESHOLDING ALGORITHMS
260 _aISLAMABAD
_bNUST COLLEGE OF EME
_c2014
650 _a MS-ELECT-67 MSTHESIS
700 _aSUPERVISOR Dr. Usman Ali
_970055
942 _cCF
999 _c577500
_d577500